Raňajky

Bibliographic Details
Main Author: Zajačková, Alica (Author)
Format: Article
Language:Slovak
Subjects:

MARC

LEADER 00000nab a2200000 a 4500
001 vtls000552301
003 SK-MaSNL
005 20260303014705.0
008 150430c1995 xo 0 slo
015 |a SNBRB19rr/mm-uuuuu 
035 |a CL0552439 
040 |a SNKBUCL  |b slo  |c SNKBUCL  |e AACR2 
041 0 |a slo 
044 |a xo  |c SK 
080 |a 885.4-1  |2 1981 
100 1 |a Zajačková, Alica  |4 aut  |9 982631 
245 1 0 |a Raňajky  |c Alica Zajačková 
650 0 7 |a miniatúry básnické  |2 snkbucl  |9 900261 
655 7 |a články z novín a časopisov  |2 snkbucl  |9 267496 
655 7 |a články z odboru literárna veda a krásna literatúra  |2 snkbucl  |9 770045 
773 0 |t Nové slovo bez rešpektu  |g Roč. 5, č. 26 (1995), s. 28 
850 |a Slovenská národná knižnica v Martine  |a MTA001 
852 |a SNK  |b KIS3GCP 
958 |a RK 
958 |a LX 
958 |a SK 
992 |a RBX 
999 |c 1608921  |d 1610851